|
|
|
|
| LEADER |
00000nab a2200000 ar4500 |
| 001 |
vtls008963499 |
| 003 |
SK-MaSNL |
| 005 |
20260303070750.0 |
| 008 |
070414c20070402xo mr|p|||||||000 b|slo |
| 015 |
|
|
|a SNKBUCL2007/04
|2 snkbucl
|
| 038 |
|
|
|a SNKBUCL
|
| 040 |
|
|
|a SNKBUCL
|b slo
|c SNKBUCL
|e AACR2
|
| 041 |
0 |
|
|a slo
|
| 044 |
|
|
|a xo
|c SK
|
| 080 |
|
|
|a 796.332.071
|2 2001
|
| 080 |
|
|
|a 929 Laskov, Božin
|2 2001
|
| 245 |
0 |
0 |
|a Zomrel Božin Laskov
|
| 600 |
1 |
7 |
|a Laskov, Božin
|d 1922-2007
|2 snkbucl
|9 1068635
|
| 650 |
0 |
7 |
|a futbal
|2 snkbucl
|9 3291
|
| 650 |
0 |
7 |
|a nekrológy
|2 snkbucl
|9 28957
|
| 773 |
0 |
|
|t Šport
|g Roč. 61, č. 77 (2.4.2007), s. 44
|x 0139-7001
|
| 852 |
|
|
|a SNK
|b KIS3GCP
|
| 958 |
|
|
|a BX
|
| 999 |
|
|
|c 1756833
|d 1758763
|